Statistics for Animals beginning with the letter E (pictures)

Click here to take the quiz!

General Stats

  • This quiz has been taken 222 times
  • The average score is 6 of 8

Answer Stats

Answer% Correct
Elephant
99%
Eagle
98%
Emu
96%
Eel
95%
Elk
76%
Echidna
57%
Egret
54%
Eider
23%

Score Distribution

Percentile by Number Answered

Percent of People with Each Score

Your Score History

You have not taken this quiz